Statistiques concernant Les mascottes du réseau Polytech

Cliquez ici pour prendre le quiz!

Statistiques générales

  • Ce quiz a été pris 62 fois
    (5 depuis la dernière actualisation)
  • Le résultat moyen est 3 sur 15

Statistiques - réponses

HintRéponse% Correct
NantesCanari
40%
AngersCrocodile
40%
LyonLion
40%
ToursLynx
40%
MarseilleRequin
40%
Nice SophiaBroco le dino
20%
MontpellierDragon
20%
LilleRenard
20%
Annecy ChamberySaint bernard
20%
NancyAigle
0%
GrenobleGorille
0%
SorbonneLapin
0%
Clermont FerrandManchot
0%
Paris SaclayTaureau
0%
OrleansTigre
0%

Distribution des résultats

Percentile par nombre de réponses

% des personnes avec chaque résultat

Votre développement - résultats

Vous n’avez pas pris ce quiz depuis la dernière actualisation